Największe miasta w województwie opolskim A-Z - Statystyki

Ogólne statystyki
  • Ten quiz został rozwiązany 3 983 razy
  • Średni wynik to 6 z 13
Statystyki odpowiedzi
# Miasto Populacja % Poprawnych
O Opole 127 387
99%
K Kędzierzyn-Koźle 56 931
76%
N Nysa 42 151
76%
B Brzeg 34 492
68%
P Prudnik 19 747
55%
S Strzelce Opolskie 17 512
52%
G Głuchołazy 13 143
40%
U Ujazd 1 776
26%
Z Zdzieszowice 10 380
24%
D Dobrodzień 3 510
22%
L Lewin Brzeski 5 688
21%
W Wołczyn 5 542
19%
T Tułowice 3 748
18%
Nie znaleziono quizów pasujących do podanych kryteriów
Rozkład punktacji
Procent ludzi z każdym wynikiem
Percentyl według liczby udzielonych odpowiedzi
Twoja historia wyników
Nie rozwiązałeś tego quizu